Responses for Show #9200 - Friday, November 8, 2024

Contestants

[<< previous game]

Rachel Marcus, a writer and consultant from New York, New York

Ross Dickson, a research consultant from Halifax, Nova Scotia, Canada

Susan Stumme, a journalist from Arlington, Virginia (whose 1-day cash winnings total $12,600)

[next game >>]

Jeopardy! Round responses

SURROUNDED BY WATER
SHOE BIZ
"I"-FAN
THROWBACK TECHNOLOGY
HISTORICAL FICTION
MAY I HAVE YOUR HOMOGRAPH?
(Ken: Those are two words spelled the same but pronounced differently; please give us both pronunciations, we need two words.)
    $200 25
Madagascar

Susan
    $200 5
(Ken: Correct, and you just ran that category.)
[Applause]

cowboy boots

Susan
    $200 26
Indianapolis

Susan
    $200 11
the Genesis

Rachel
    $200 6
Moscow

Susan
    $200 20
incense & incense

Rachel
    $400 24
Nevis

Susan
    $400 1
Crocs

Susan
    $400 27
the Isotopes

Ross
    $400 13
a floppy disk

Susan
    $400 7
(Susan: What is The Other [*] Girl?)

Boleyn

Susan
    $400 19
a bass & a bass

Ross
    $600 21
Alcatraz

Susan
    $600 2
Zappos

Susan
    $600 28
Illini

Rachel
    $600 14
(Ross: What's a Polaroid?)
(Rachel: What's a single-use camera?)
...
(Ken: I'm afraid "single-use" was in the clue; we needed to hear [*].)

disposable camera

RossRachel
Triple Stumper
    $600 8
Frank Lloyd Wright

Rachel
    $600 16
(Rachel: [*].)
(Ken: Yes, don't forget your phrasing.)

moped & moped

Rachel
    $800 22
(Ken: From the story of the Mutiny on the Bounty, that's [*].)

Pitcairn Island

Triple Stumper
    $1,000 3
Phil Knight

Susan
    $800 29
Allen Iverson

Susan
    $800 12
MapQuest

Susan
    $800 9
Midway

Ross
    $800 17
content & content

Rachel
    $1000 23
Capri

Susan
    $1000 4
Jimmy Choo

Susan
    $1000 30
(Ken: Yes! You guys went five for five in a category you didn't seem to love.)

the Islanders

Susan
    $1000 15
a BlackBerry

Rachel
    $1000 10
Chesapeake

Susan
    $1000 18
a digest & digest

Triple Stumper

Scores at the first commercial break (after clue 15):

Susan Ross Rachel
$6,000 $200 $1,200

Scores at the end of the Jeopardy! Round:

Susan Ross Rachel
$10,200 $1,000 $3,400

Double Jeopardy! Round responses

BALLET & OPERA
4-SYLLABLE WORDS
LEGAL BRIEFS
THE HISTORIC 1950s
I SING...
THE BODY ELECTRIC
    $400 9
Swan Lake

Susan
    $400 14
expiration

Susan
    $400 19
(Rachel: What is a jury?)
(Ken: Mmm, can you be more specific?)

the grand jury

Rachel
    $400 5
Billy Idol

Ross
    $400 6
(Rachel: [*]--what are [*]?)

vertebrae

Rachel
    $800 10
(Ross: Who is The Man Who Mistook His Wife for a Hat?)
...
(Ken: You picked the right Sacks book, right.)

Awakenings

SusanRoss
    $800 15
imposition

Susan
    $800 20
an injunction

Ross
    $800 29
[The end-of-round signal sounds.]

Korea

Triple Stumper
    $800 2
Alicia Keys

Susan
    $800 8
a cochlear implant

Susan
    $4,000 11
(Susan: What is Don Juan?)
(Ken: I'm sorry, you had the right seducer, but the opera is Italian; it's [*].)

Don Giovanni

Susan
    $1200 16
(Ross: What's [**]?)
(Rachel: What's tightroping--tightroper?)
(Susan: What is tightrope walker?)
[When the Daily Double is uncovered Ross' incorrect response is reversed to correct; Susan's and Rachel's incorrect responses are changed to no response.]

a funambulist (aerialist)

Ross
    $1200 21
discovery

Susan
    $1200 24
the Vatican II

Ross
    $1200 1
Britney Spears

Susan
    $1200 7
a stroke

Ross
    $1600 12
Porgy and Bess

Susan
    $1600 17
selenium

Triple Stumper
    $1600 22
(Susan: What is a summary judgment?)

a default judgment

SusanRoss
    $6,400 25
(Ken: Less than a minute, Ross.)

the Fifth Republic

Ross
    $1600 3
Kendrick Lamar

Triple Stumper
    $1600 27
a pacemaker

Ross
    $2000 13
Jewels

Susan
    $2000 18
your hematocrit

Triple Stumper
    $2000 23
sedition

Rachel
    $2000 26
Ghana

Rachel
    $2000 4
Iggy Pop

Rachel
    $2000 28
the pancreas

Rachel

Scores at the end of the Double Jeopardy! Round:

Susan Ross Rachel
$14,600 $14,600 $12,200

[wagering suggestions for these scores]

Final Jeopardy! Round responses

RENAISSANCE MEN
RachelWho is Amerigo Vespucci
$8,400
RossWho was Columbus?
$14,590
SusanWho is Columbus?
$14,600
Amerigo Vespucci

Final scores:

Susan Ross Rachel
$0 $10 $20,600
3rd place: $2,000 2nd place: $3,000 New champion: $20,600

Game dynamics:

Coryat scores:

Susan Ross Rachel
$18,400 $9,800 $12,200
27 R
(including 1 DD),
2 W
(including 1 DD)
11 R
(including 1 DD),
2 W
13 R,
1 W

Combined Coryat: $40,400

[game clues] [game scores] [suggest correction]

Game tape date: 2024-09-23
The J! Archive is created by fans, for fans. Scraping, republication, monetization, and malicious use prohibited; this site may use cookies and collect identifying information. See terms. The Jeopardy! game show and all elements thereof, including but not limited to copyright and trademark thereto, are the property of Jeopardy Productions, Inc. and are protected under law. This website is not affiliated with, sponsored by, or operated by Jeopardy Productions, Inc. Join the discussion at JBoard.tv.